The third revolution : (Record no. 701)

MARC details
000 -LEADER
fixed length control field 00563nam a22001937a 4500
003 - CONTROL NUMBER IDENTIFIER
control field OSt
005 - DATE AND TIME OF LATEST TRANSACTION
control field 20240724095854.0
008 - FIXED-LENGTH DATA ELEMENTS--GENERAL INFORMATION
fixed length control field 141106b xxu||||| |||| 00| 0 eng d
020 ## - INTERNATIONAL STANDARD BOOK NUMBER
International Standard Book Number 190096113
040 ## - CATALOGING SOURCE
Transcribing agency 040a
082 ## - DEWEY DECIMAL CLASSIFICATION NUMBER
Classification number 320
Item number KOC 1998
100 ## - MAIN ENTRY--PERSONAL NAME
Personal name Koch,Richard
9 (RLIN) 1853
245 ## - TITLE STATEMENT
Title The third revolution :
Remainder of title creating unprecedented wealth and happiness for everyone in the new millennium /
Statement of responsibility, etc. Richard Koch
260 ## - PUBLICATION, DISTRIBUTION, ETC. (IMPRINT)
Place of publication, distribution, etc. Oxford
Name of publisher, distributor, etc. Capstone
Date of publication, distribution, etc. 1998
300 ## - PHYSICAL DESCRIPTION
Extent xxxiv, 283p ;
Dimensions 8 cm.
504 ## - BIBLIOGRAPHY, ETC. NOTE
Bibliography, etc includes index
650 ## - SUBJECT ADDED ENTRY--TOPICAL TERM
Topical term or geographic name as entry element revolution
9 (RLIN) 1854
942 ## - ADDED ENTRY ELEMENTS (KOHA)
Source of classification or shelving scheme Dewey Decimal Classification
Koha item type Short Loan
Holdings
Withdrawn status Lost status Source of classification or shelving scheme Damaged status Not for loan Home library Current library Date acquired Inventory number Total Checkouts Full call number Barcode Date last seen Price effective from Koha item type Source of acquisition
    Dewey Decimal Classification     MUST Main Library MUST Main Library 06/11/2014 2003/18202   320 KOC 1998 2014-3299 06/11/2014 06/11/2014 Short Loan  
    Dewey Decimal Classification     MUST Main Library MUST Main Library 24/07/2024 2003/18201   320 KOC 1998 2024-22157 24/07/2024 24/07/2024 Open Shelf Donation